[Event "Bottom-Half Class U1700"]
[Site "Warren, MI"]
[Date "2003.06.21"]
[Round "2.9"]
[White "Wood, Jack"]
[Black "Johnson, Johnny"]
[Result "1-0"]
[WhiteElo "1634"]
[BlackElo "1523"]
[Annotator "Tim McGrew"]
[PlyCount "71"]
[EventDate "2003.06.21"]

{Sicilian} 1. e4 c5 2. Nf3 Nc6 3. d3 {An unusual decision. White wants to play
the game like a Philidor in reverse -- a reasonable if not overly ambitious
approach to meeting the Sicilian Defense.} e6 4. Be2 g6 5. c3 Bg7 6. Nbd2 d5 7.
O-O Nge7 8. Qc2 {All of this has been played before! In the early 1990s Igor
Rausis, always something of a maverick in his openings choices, got this
position twice with White. His results were lackluster (one draw and one loss)
and he didn't continue to use the system but that doesn't mean it is not
playable.} b5 {Now we're off the beaten track. Black usually castles at this
point.} 9. d4 c4 $6 {Locking up the pawns at this stage looks like a poor idea.
Black loses most of his pressure on the White position since pieces alone will
never cause any trouble at d4.} 10. b3 O-O 11. h4 f5 $6 {The beginning of
Black's king-side troubles. There is no need to weaken the pawn wall like this.
In particular, Black is now more vulnerable than before to an h5 thrust.} 12.
e5 Bh6 13. Nh2 Bd7 14. h5 g5 $6 {Another poor decision, though one can have
some sympathy for Black. The pawns are coming forward too fast and his king
will soon be quite exposed.} 15. Ndf3 $1 f4 $6 {After this third weakening
move it is probably too late to recover. Eventually, if your opponent plays
well, many ?!s will add up to a ? or even a ??} 16. Ng4 Nf5 17. a4 cxb3 18.
Qxb3 Na5 19. Qb4 bxa4 20. Bd3 (20. Nf6+ {is interesting. Black's queen is
overloaded trying to defend d7 and a5, so he must give up the exchange with}
Rxf6 21. exf6 {Fortunately for Black, he does have some play for the exchange
after} Rb8 {Chess is not an easy game!}) 20... Rb8 21. Qc5 Nb3 22. Qxa7 Nxa1
23. Ba3 Bg7 24. Rxa1 Rf7 25. Nxg5 Rb3 26. Nxf7 Kxf7 27. Bc2 Rxc3 28. Bxa4 Rc7
29. Qa6 Nxd4 30. Bd6 Rc4 {DIAGRAM} 31. Qa7 (31. Bxd7 $1 Qxd7 32. Qa7 {allows
White to dominate the 7th rank, e.g.} Qxa7 33. Rxa7+ Kg8 34. Nf6+ $1 Bxf6 35.
exf6 {and Black is helpless to stop the march of the f-pawn.}) 31... Nc6 32.
Bxc6 Rxc6 33. Rb1 Qc8 $2 {The final error.} (33... h6 34. Rb7 $4 Rc1+ 35. Kh2
Qh4#) 34. Rb7 Rxd6 35. exd6 Bd4 (35... Ke8 {allows} 36. Rb8) 36. Rxd7+ 1-0

[Event "Bottom-Half Class U1900"]
[Site "Warren, MI"]
[Date "2003.06.21"]
[Round "1.2"]
[White "West, Tony"]
[Black "Garrison, Ray"]
[Result "0-1"]
[WhiteElo "1782"]
[BlackElo "1887"]
[PlyCount "120"]
[EventDate "2003.06.21"]

1. e4 Nf6 2. Nc3 d6 3. d4 c6 4. Nf3 Bg4 5. Be2 e6 6. O-O d5 7. Bg5 Qb6 8. Qd3
dxe4 9. Nxe4 Nxe4 10. Qxe4 Bf5 11. Qe3 Bxc2 12. Rac1 Bg6 13. Bc4 Be7 14. Bxe6
Bxg5 15. Nxg5 O-O 16. Bb3 Nd7 17. Rfe1 Nf6 18. Nf3 Rfe8 19. Qg5 Be4 20. Ne5 Bd5
21. Re3 Bxb3 22. Rg3 g6 23. Rxb3 Qxd4 24. Qxf6 Rxe5 25. Re3 Rae8 26. h3 R8e6
27. Qf3 Rxe3 28. fxe3 Qxe3+ 29. Qxe3 Rxe3 30. Kf2 Re7 31. Rd1 f5 32. Rd8+ Kf7
33. Ra8 b6 34. Rh8 Ke6 35. Rd8 Rd7 36. Re8+ Kd5 37. b3 Kd4 38. Re1 Kc3 39. Rc1+
Kb2 40. Rxc6 Kxa2 41. Rc3 Kb2 42. Re3 Kc2 43. b4 a5 44. bxa5 bxa5 45. Re5 a4
46. Ra5 Kb3 47. Ra8 a3 48. Ke2 a2 49. Rb8+ Kc3 50. Rc8+ Kb4 51. Ra8 Kb3 52.
Rb8+ Kc2 53. Rc8+ Kb1 54. Rb8+ Ka1 55. Rb6 g5 56. Rb5 f4 57. Rb6 h5 58. Rb5 g4
59. hxg4 hxg4 60. Rb6 f3+ 0-1

[Event "Bottom-Half Class U1900"]
[Site "Warren, MI"]
[Date "2003.06.21"]
[Round "1.3"]
[White "Vandivier, Don"]
[Black "Matias, I.C."]
[Result "1-0"]
[WhiteElo "1883"]
[BlackElo "1745"]
[PlyCount "87"]
[EventDate "2003.06.21"]

1. e4 d6 2. d4 Nf6 3. Nc3 g6 4. f3 Bg7 5. Be3 O-O 6. Qd2 Na6 7. Bh6 c5 8. d5
Nc7 9. h4 e6 10. O-O-O exd5 11. exd5 b5 12. Bxb5 Nxb5 13. Nxb5 Rb8 14. Bxg7
Kxg7 15. Nc3 Qb6 16. b3 c4 17. Qd4 Ba6 18. Qxb6 Rxb6 19. Nh3 Rc8 20. Kb2 cxb3
21. axb3 Rb7 22. Ne4 Nxe4 23. fxe4 Re7 24. Rd4 Rce8 25. Nf2 h5 26. c4 f5 27.
Re1 Bc8 28. Kc3 a6 29. b4 Rc7 30. Nd3 Rce7 31. c5 dxc5 32. bxc5 Rxe4 33. Rexe4
fxe4 34. Nf4 e3 35. d6 e2 36. Nxe2 Rxe2 37. c6 Re6 38. Kb4 Re8 39. d7 Rd8 40.
Kc5 Kf7 41. Kd6 a5 42. Rf4+ Kg8 43. Kc7 Bxd7 44. cxd7 1-0

[Event "Bottom-Half Class U1900"]
[Site "Warren, MI"]
[Date "2003.06.21"]
[Round "3.3"]
[White "Vandivier, Don"]
[Black "Dlugas, Dan"]
[Result "1-0"]
[WhiteElo "1883"]
[BlackElo "1737"]
[Annotator "Don Vandivier"]
[PlyCount "43"]
[EventDate "2003.06.21"]

{Alekhine: Krejcik} 1. e4 Nf6 2. Bc4 {I figure anyone bold enough to play the
Alekine has spent HOURS studying the special lines and positions that arise
from the opening - so why enter into a game that your opponent is prepared to
play from memory?} Nxe4 3. Bxf7+ Kxf7 4. Qh5+ g6 5. Qd5+ e6 6. Qxe4 Bg7 $1 {
Black plays the best line, which will keep his rook from getting caught in the
corner (after ...Rf8), and allow the king to shuffle over to the g8 square.} 7.
Nf3 Rf8 8. d4 Qf6 9. Nc3 d6 ({I think Black does better to play} 9... Kg8 {
immediately.}) 10. O-O h6 11. Bf4 {I like this odd looking move. White's
pieces will have more scope with the bishop placed on g3 rather than e3.} a6 $6
{Black worries about the queen-knight intrusion on b5, but he is starting to
fall seriously behind in development. He should play his king back to g8 and
then develop his queen-side pieces.} 12. Bg3 Qf5 13. Qe2 {Of course White
doesn't exchange queens. If Black can develop he will have the better game
because of the bishop pair.} Bd7 $6 ({Black is fine after} 13... Nc6 14. Rad1
Kg8 15. Rfe1) 14. Rad1 Re8 $2 {And notice that 1) Black never played the
important move ...Kg8, and 2) he further neglects his piece development.
DIAGRAM} 15. Nh4 $1 Qf6 16. Ne4 Qe7 17. Qf3+ Bf6 18. Nxf6 Qxf6 19. Qxb7 Bc6 20.
Qxc7+ Re7 21. Qxd6 g5 $2 22. Be5 $1 {It's fitting that the hanging knight
covers the Black queen's escape.} 1-0

[Event "Bottom-Half Class Top Section"]
[Site "Warren, MI"]
[Date "2003.06.21"]
[Round "1.2"]
[White "Szpisjak, Steve"]
[Black "Obukhov, Dmitriy"]
[Result "1-0"]
[WhiteElo "2200"]
[BlackElo "2030"]
[PlyCount "91"]
[EventDate "2003.06.21"]

1. d4 Nf6 2. Nf3 g6 3. Bf4 Bg7 4. e3 O-O 5. h3 d6 6. Be2 Nbd7 7. O-O Re8 8. c3
a6 9. a4 Ne4 10. Na3 e5 11. Bh2 Ng5 12. Nc4 e4 13. Nxg5 Qxg5 14. Qc2 Nf8 15.
Kh1 f5 16. Nd2 Qe7 17. c4 Ne6 18. Rac1 f4 19. d5 fxe3 20. fxe3 Nc5 21. b4 Nd3
22. Bxd3 exd3 23. Qxd3 Qxe3 24. Qxe3 Rxe3 25. c5 Rd3 26. Nc4 dxc5 27. bxc5 Bd4
28. Bxc7 Bxc5 29. d6 Bf5 30. Ne5 Rd5 31. d7 Be7 32. Rfd1 Rxd1+ 33. Rxd1 Bd8 34.
Bxd8 Rxd8 35. g4 Be4+ 36. Kh2 Kf8 37. Rd6 Ke7 38. Rb6 a5 39. Kg3 Bc6 40. Rxc6
bxc6 41. Nxc6+ Kxd7 42. Nxd8 Kxd8 43. Kf4 Ke7 44. Ke5 h6 45. Kd5 h5 46. Kc5 1-0

[Event "Bottom-Half Class Top Section"]
[Site "Warren, MI"]
[Date "2003.06.21"]
[Round "3.1"]
[White "Szpisjak, Steve"]
[Black "Finegold, Ben"]
[Result "0-1"]
[WhiteElo "2200"]
[BlackElo "2631"]
[PlyCount "54"]
[EventDate "2003.06.21"]

1. d4 d5 2. c4 Nc6 3. cxd5 Qxd5 4. e3 e5 5. Nc3 Bb4 6. Bd2 Bxc3 7. bxc3 Qd6 8.
Bd3 Nf6 9. Ne2 O-O 10. O-O e4 11. Bc2 Na5 12. Ng3 Re8 13. Qb1 Qc6 14. a4 Nc4
15. Bc1 a5 16. Bb3 b6 17. Bxc4 Qxc4 18. Bd2 Ba6 19. Re1 Qd5 20. Qd1 h5 21. f3
h4 22. Nxe4 Nxe4 23. fxe4 Rxe4 24. Qf3 Rae8 25. Kh1 R8e6 26. Rg1 Rf6 27. Qh3
Qd8 0-1

[Event "Bottom-Half Class Top Section"]
[Site "Warren, MI"]
[Date "2003.06.21"]
[Round "3.4"]
[White "Sudharsan, Krishnan"]
[Black "LaForge, Tom"]
[Result "1-0"]
[WhiteElo "2006"]
[BlackElo "1907"]
[PlyCount "71"]
[EventDate "2003.06.21"]

1. d4 d5 2. c4 e6 3. Nf3 Nf6 4. Nc3 Be7 5. Bg5 Ne4 6. Bxe7 Qxe7 7. cxd5 Nxc3 8.
bxc3 exd5 9. e3 O-O 10. Qb3 Rd8 11. c4 dxc4 12. Bxc4 Nc6 13. O-O Na5 14. Qc3
Nxc4 15. Qxc4 Be6 16. Qc3 Rac8 17. Qc5 Qxc5 18. dxc5 Rd3 19. a4 b6 20. Rfc1 Kf8
21. h3 Ke7 22. Nd4 Bd5 23. a5 bxc5 24. Rxc5 c6 25. Rac1 Kd7 26. g4 g6 27. Kh2
g5 28. Kg3 a6 29. h4 gxh4+ 30. Kxh4 Ra3 31. Kg3 Ra4 32. Ne2 Rg8 33. f3 f5 34.
Nc3 Rc4 35. Nxd5 Rxc1 36. Nf6+ 1-0

[Event "Bottom-Half Class U1900"]
[Site "Warren, MI"]
[Date "2003.06.21"]
[Round "2.5"]
[White "Stefanski, Mark"]
[Black "West, Tony"]
[Result "1-0"]
[WhiteElo "1871"]
[BlackElo "1782"]
[PlyCount "57"]
[EventDate "2003.06.21"]

{"Interesting Game"} 1. e4 c5 2. c4 Nc6 3. g3 Nf6 4. Nc3 e6 5. Bg2 Be7 6. Nge2
d6 7. O-O O-O 8. h3 Rb8 9. Kh2 a6 10. d4 cxd4 11. Nxd4 Nxd4 12. Qxd4 Qc7 13.
Be3 b6 14. f4 Nd7 15. Rad1 Bb7 16. e5 Bxg2 17. exd6 Bxd6 18. Kxg2 Bc5 19. Qxd7
Qxd7 20. Rxd7 Bxe3 21. Rfd1 Rfe8 22. Ne4 b5 23. Kf3 Bb6 24. c5 Ba5 25. Nd6 Red8
26. Nb7 Rxd7 27. Rxd7 Be1 28. c6 Rc8 29. c7 1-0

[Event "Bottom-Half Class U1300"]
[Site "Warren, MI"]
[Date "2003.06.21"]
[Round "4.2"]
[White "Smith, Glenn"]
[Black "Gregg, Ted"]
[Result "1-0"]
[WhiteElo "1289"]
[BlackElo "1272"]
[PlyCount "54"]
[EventDate "2003.06.21"]

1. d4 f5 2. Nf3 Nf6 3. e3 e6 4. Nbd2 Be7 5. Bd3 O-O 6. b3 d5 7. Ne5 Nbd7 8.
Ndf3 Ne4 9. Bb2 Ng5 10. O-O Nxf3+ 11. Nxf3 Nf6 12. Ne5 Qe8 13. c4 c6 14. Rc1
Ne4 15. f3 Nd6 16. Qc2 Bg5 17. Rfe1 Qh5 18. Be2 Qh6 19. f4 Bh4 20. Rf1 Ne4 21.
cxd5 exd5 22. Bf3 Be6 23. Ba3 Rfe8 24. Bxe4 fxe4 25. Qe2 Bf6 26. f5 Bxe5 27.
dxe5 Bf7 1-0

[Event "Bottom-Half Class U1700"]
[Site "Warren, MI"]
[Date "2003.06.21"]
[Round "2.1"]
[White "Saylor, Oliver"]
[Black "Li, Wei"]
[Result "0-1"]
[WhiteElo "1549"]
[BlackElo "1692"]
[Annotator "Tim McGrew"]
[PlyCount "32"]
[EventDate "2003.06.21"]

{Sicilian: Labourdonnais} 1. e4 c5 2. Nf3 Nc6 3. d4 cxd4 4. Nxd4 e5 {If Black
c an get away with this move, then the Najdorf Variation (2...d6 3.d4 cxd4 4.
Nxd4 a6) is just a loss of a tempo.} 5. Nb3 {White flinches!} (5. Nb5 $1 {is
the right move, giving Black a headache because of the weakness of the d6
square.}) 5... Nf6 6. Bg5 Be7 (6... h6 {also comes into consideration.}) 7. Nc3
O-O 8. Be2 a6 ({There is nothing wrong with} 8... Nxe4 9. Bxe7 Nxc3 10. Bxd8
Nxd1 11. Rxd1 Rxd8 {picking up a pawn for free. This combination remains
possible over the next few turns.}) 9. O-O b5 10. a3 d6 11. Qd2 Be6 12. Nc1 $2
({Retrograde development! White cannot afford to go into reverse gear now.
Despite the positional threat of ...Bxb3, it was important to get the rooks
into the game, perhaps starting with} 12. Rad1) 12... Nd4 13. Bd1 {White is in
full retreat mode.} d5 $1 {Taking advantage of the opportunity to open the
center just when White has done the most to gum up his own piece coordination.}
14. exd5 Nxd5 15. Bxe7 Nxe7 16. N3e2 $4 ({As I sometimes say to my students,
no move without a one-ply search!} 16. Nd3 {would at least make a fight of it,
though Black has a very pleasant position in any event.}) 16... Nf3+ {Loose
Pieces Drop Off!} 0-1

[Event "Bottom-Half Class U1700"]
[Site "Warren, MI"]
[Date "2003.06.21"]
[Round "1.2"]
[White "Saylor, Oliver"]
[Black "Haidukewych, Dan"]
[Result "1-0"]
[WhiteElo "1549"]
[BlackElo "1672"]
[PlyCount "87"]
[EventDate "2003.06.21"]

1. e4 c5 2. Nf3 Nc6 3. d4 cxd4 4. Nxd4 g6 5. Be3 Bg7 6. Nc3 d6 7. Bc4 Nf6 8.
Qd2 Bd7 9. a3 a6 10. O-O Qc7 11. Nd5 Qd8 12. Nxf6+ Bxf6 13. c3 Rc8 14. Nf3 O-O
15. Rad1 Bg4 16. Be2 Bxf3 17. Bxf3 Ne5 18. Be2 Nc4 19. Bxc4 Rxc4 20. Qd5 Rc6
21. f4 Qc7 22. f5 Kg7 23. Qd2 Kg8 24. Bh6 Bg7 25. fxg6 hxg6 26. Rf3 e6 27. Qg5
Qd8 28. Qd2 f6 29. Bxg7 Kxg7 30. Rd3 Qb6+ 31. Kh1 Rd8 32. Rh3 g5 33. e5 Qb5 34.
exf6+ Kxf6 35. Qf2+ Kg6 36. Rf1 Qf5 37. Rf3 Qe5 38. Rf6+ Kg7 39. Rf7+ Kg8 40.
Rf8+ Rxf8 41. Qxf8+ Kh7 42. Rf7+ Kg6 43. Qg8+ Kh5 44. Qh7+ 1-0

[Event "Bottom-Half Class U1700"]
[Site "Warren, MI"]
[Date "2003.06.21"]
[Round "1.5"]
[White "Sattler, Peter"]
[Black "Holden, Anthony"]
[Result "1-0"]
[WhiteElo "1624"]
[BlackElo "1500"]
[PlyCount "86"]
[EventDate "2003.06.21"]

1. e4 c5 2. Nf3 e5 3. d3 Nc6 4. Nc3 h6 5. Be2 d6 6. O-O g5 7. Be3 Be6 8. Nd5
Nf6 9. Nxf6+ Qxf6 10. c3 g4 11. Ne1 h5 12. Qd2 Bh6 13. f4 Qg7 14. f5 Bxe3+ 15.
Qxe3 Bd7 16. Qg3 Qg5 17. Rd1 O-O-O 18. h3 Rdg8 19. h4 Qd8 20. Nc2 Qb6 21. Rb1
Qa5 22. a3 Qa4 23. Ne3 Ne7 24. Nc4 Qa6 25. Qe3 b5 26. Nd2 Nc6 27. g3 Kc7 28. a4
Qxa4 29. Ra1 Qc2 30. Rfb1 c4 31. dxc4 bxc4 32. Bxc4 Bxf5 33. Bd3 Bxe4 34. Bxe4
Qxb1+ 35. Nxb1 Rb8 36. b4 Rhf8 37. Bxc6 Kxc6 38. Rxa7 f5 39. Ra6+ Kc7 40. Nd2
f4 41. Qe4 Rf6 42. Qh7+ Kc8 43. Rc6+ Kd8 1-0

[Event "Bottom-Half Class U1700"]
[Site "Warren, MI"]
[Date "2003.06.21"]
[Round "2.10"]
[White "Robertson, John"]
[Black "Holden, Anthony"]
[Result "1-0"]
[WhiteElo "1623"]
[BlackElo "1500"]
[PlyCount "60"]
[EventDate "2003.06.21"]

1. e4 c5 2. Nf3 e5 3. Nxe5 Qe7 4. d4 f6 5. Nf3 d5 6. Bb5+ Nc6 7. e5 Bd7 8. O-O
O-O-O 9. Re1 Qf7 10. Nc3 a6 11. e6 Bxe6 12. Bxc6 bxc6 13. Qe2 Kd7 14. Qxa6 Bd6
15. dxc5 Be5 16. Nxe5+ fxe5 17. Qb7+ Ke8 18. Qxc6+ Bd7 19. Rxe5+ Ne7 20. Qxd5
h6 21. Qxf7+ Kxf7 22. Re1 Bf5 23. Bf4 Rd4 24. Rad1 Rhd8 25. Bd6 Nc6 26. Rxd4
Nxd4 27. f3 Be6 28. b4 Nxc2 29. Rb1 Na3 30. Rc1 Rb8 1-0

[Event "Bottom-Half Class U1300"]
[Site "Warren, MI"]
[Date "2003.06.21"]
[Round "2.3"]
[White "Reddick, Forrest"]
[Black "Farah, Koshin"]
[Result "0-1"]
[WhiteElo "880"]
[BlackElo "1288"]
[PlyCount "50"]
[EventDate "2003.06.21"]

1. e4 e5 2. Nf3 Nc6 3. Nc3 Nf6 4. Bb5 a6 5. Bxc6 bxc6 6. d3 d6 7. d4 Bg4 8.
dxe5 Bxf3 9. Qxf3 dxe5 10. O-O Bd6 11. Qd3 O-O 12. Qc4 Qe8 13. Be3 Ng4 14. h3
Nxe3 15. fxe3 Rb8 16. b3 c5 17. Nd5 Qe6 18. Rad1 Kh8 19. a4 Rfd8 20. Rf5 c6 21.
Nc3 Qxc4 22. bxc4 f6 23. g4 Bc7 24. Rxd8+ Rxd8 25. Ne2 Bb6 0-1

[Event "Bottom-Half Class U1300"]
[Site "Warren, MI"]
[Date "2003.06.21"]
[Round "1.3"]
[White "McShan, Kwame"]
[Black "Gregg, Ted"]
[Result "0-1"]
[WhiteElo "996"]
[BlackElo "1272"]
[PlyCount "56"]
[EventDate "2003.06.21"]

1. d4 f5 2. Nf3 Nf6 3. Bg5 e6 4. e3 Be7 5. Bxf6 Bxf6 6. Bd3 O-O 7. O-O d6 8.
Nbd2 Nd7 9. c3 Qe8 10. e4 fxe4 11. Nxe4 e5 12. Re1 Qh5 13. Ng3 Qh6 14. Nf5 Qh5
15. Ng3 Qf7 16. Qe2 Qe7 17. Nf5 Qe8 18. Ng3 Bh4 19. Nxh4 Nb6 20. Nhf5 Bd7 21.
Qg4 g6 22. Re4 Kh8 23. Rae1 gxf5 24. Nxf5 Bxf5 25. Qh4 Bxe4 26. Bxe4 Qf7 27.
Rf1 c6 28. dxe5 dxe5 0-1

[Event "Bottom-Half Class U1900"]
[Site "Warren, MI"]
[Date "2003.06.21"]
[Round "3.4"]
[White "Matias, I.C."]
[Black "Dupuis, Erik"]
[Result "0-1"]
[WhiteElo "1745"]
[BlackElo "1822"]
[PlyCount "77"]
[EventDate "2003.06.21"]

1. d4 f5 2. Nf3 g6 3. g3 Bg7 4. Bg2 Nf6 5. c4 O-O 6. Nc3 d6 7. O-O Nc6 8. a3 e5
9. d5 Ne7 10. Qc2 h6 11. e4 g5 12. h4 g4 13. Ne1 f4 14. gxf4 exf4 15. Bxf4 Ng6
16. Bg3 Nh5 17. e5 Nxe5 18. Bxe5 dxe5 19. d6 cxd6 20. Bd5+ Kh8 21. Ng2 Bf5 22.
Be4 Bxe4 23. Nxe4 Nf4 24. Rad1 Nxg2 25. Kxg2 Qxh4 26. Rh1 Qe7 27. Rxd6 Rf7 28.
Qd2 Raf8 29. Rg6 Rf4 30. Qe2 Qd7 31. Rh4 g3 32. fxg3 Rxh4 33. gxh4 Rf4 34. Rd6
Rg4+ 35. Kf1 Qf5+ 36. Nf2 Rxh4 37. c5 Qf4 38. Rd8+ Kh7 39. Qc4 0-1

[Event "Bottom-Half Class U1700"]
[Site "Warren, MI"]
[Date "2003.06.21"]
[Round "1.1"]
[White "Li, Wei"]
[Black "Asbury, Victor"]
[Result "1-0"]
[WhiteElo "1692"]
[BlackElo "1587"]
[PlyCount "69"]
[EventDate "2003.06.21"]

1. Nf3 c5 2. c4 Nc6 3. Nc3 g6 4. e3 e5 5. d4 cxd4 6. exd4 exd4 7. Nxd4 Bg7 8.
Ndb5 Qe7+ 9. Be2 Be5 10. h4 h5 11. Bg5 f6 12. Be3 Nh6 13. Nd5 Qd8 14. f4 Bb8
15. Bc5 d6 16. Ba3 O-O 17. Qc2 Bf5 18. Bd3 a6 19. Nbc3 Nd4 20. Qd2 Re8+ 21. Kd1
Kf7 22. b3 Bg4+ 23. Kc1 Nhf5 24. Kb2 Ba7 25. Ne4 Nc6 26. Rae1 Bd4+ 27. Kb1 a5
28. Bb2 Re6 29. Nf2 Be3 30. Nxe3 Nxe3 31. Rxe3 Qb6 32. Nxg4 Rae8 33. Rhe1 hxg4
34. Bxg6+ Kxg6 35. Rxe6 1-0

[Event "Bottom-Half Class Top Section"]
[Site "Warren, MI"]
[Date "2003.06.21"]
[Round "2.3"]
[White "LaForge, Tom"]
[Black "Gabbara, Faris"]
[Result "0-1"]
[WhiteElo "1907"]
[BlackElo "2060"]
[PlyCount "90"]
[EventDate "2003.06.21"]

1. e4 e5 2. Nf3 Nf6 3. Nxe5 d6 4. Nf3 Nxe4 5. Qe2 Qe7 6. d3 Nf6 7. Bg5 Qxe2+ 8.
Bxe2 Be7 9. Nc3 c6 10. O-O Na6 11. Rfe1 Nc7 12. Nd4 Ne6 13. Bxf6 Bxf6 14. Nf5
Kd7 15. Rab1 h5 16. Ne4 Be5 17. c3 g6 18. Ne3 d5 19. d4 Bxd4 20. cxd4 dxe4 21.
Bc4 Ke7 22. d5 Nf4 23. dxc6 bxc6 24. Nc2 f5 25. f3 Rd8 26. fxe4 Rd2 27. exf5+
Kf6 28. Ne3 Bxf5 29. Nxf5 Rxg2+ 30. Kh1 Kxf5 31. a4 Rd8 32. Rbd1 Rxd1 33. Rxd1
Rxb2 34. Ra1 a5 35. Kg1 g5 36. Bf7 h4 37. Be8 Rc2 38. Bd7+ Ke4 39. Re1+ Kd3 40.
Rd1+ Ke3 41. Re1+ Kd2 42. Re8 Ne2+ 43. Kg2 Rc3 44. Re5 Nf4+ 45. Kg1 Rc1+ 0-1

[Event "Bottom-Half Class Top Section"]
[Site "Warren, MI"]
[Date "2003.06.21"]
[Round "3.5"]
[White "Katsuhara, Osamu"]
[Black "Obukhov, Dmitriy"]
[Result "0-1"]
[WhiteElo "1920"]
[BlackElo "2030"]
[PlyCount "92"]
[EventDate "2003.06.21"]

1. e4 e6 2. d4 d5 3. Nc3 Bb4 4. e5 c5 5. a3 Bxc3+ 6. bxc3 Ne7 7. Qg4 O-O 8. Bd3
f5 9. exf6 Rxf6 10. Bg5 Rf7 11. Qh5 g6 12. Qd1 Qa5 13. Bd2 Nbc6 14. Nf3 Qc7 15.
O-O e5 16. Nxe5 Nxe5 17. dxe5 Qxe5 18. c4 d4 19. Rb1 Qc7 20. Re1 Bd7 21. Bg5
Re8 22. Qd2 Nc8 23. Bh6 Bc6 24. Rxe8+ Bxe8 25. h4 Re7 26. h5 Re6 27. Qg5 Qe7
28. Qg3 Nd6 29. Bg5 Qd7 30. Bf4 Ne4 31. Qf3 Qe7 32. Qh3 b6 33. hxg6 Bxg6 34. a4
Nc3 35. Ra1 Bxd3 36. Bg5 Re1+ 37. Rxe1 Qxe1+ 38. Kh2 Qe5+ 39. f4 Qf5 40. g4 Qe4
41. cxd3 Qe2+ 42. Kh1 Nd1 43. Qh6 Nf2+ 44. Kg1 Nxg4 45. Qh4 Ne3 46. Qh3 Ng4 0-1

[Event "Bottom-Half Class U1700"]
[Site "Warren, MI"]
[Date "2003.06.21"]
[Round "2.7"]
[White "Kaminski, Trajce"]
[Black "Poniatowski, Don"]
[Result "1-0"]
[WhiteElo "1602"]
[BlackElo "1350"]
[PlyCount "103"]
[EventDate "2003.06.21"]

1. Nf3 Nf6 2. d4 g6 3. c4 Bg7 4. Nc3 O-O 5. g3 d6 6. Bg2 Re8 7. e4 e5 8. dxe5
dxe5 9. Qxd8 Rxd8 10. Nxe5 Nxe4 11. Nxf7 Kxf7 12. Nxe4 h6 13. O-O Nc6 14. Nc5
Re8 15. Bd5+ Kf8 16. a3 Ne7 17. Be6 b6 18. Bxc8 Raxc8 19. Ne6+ Kf7 20. Nxg7
Kxg7 21. b3 Nc6 22. Bb2+ Kf7 23. Rfe1 Rcd8 24. Rxe8 Rxe8 25. Kf1 Rd8 26. Re1
Rd2 27. Re2 Rd1+ 28. Kg2 Rd7 29. Bc1 g5 30. h4 gxh4 31. Bxh6 hxg3 32. fxg3 Rd3
33. Re3 Rd1 34. Bf4 Rd7 35. b4 a6 36. b5 axb5 37. cxb5 Nd8 38. Rc3 Ne6 39. Be5
Rd5 40. Bxc7 Nxc7 41. Rxc7+ Ke8 42. a4 Rd2+ 43. Kh3 Ra2 44. Ra7 Ra3 45. Kh4 Rd3
46. g4 Rd4 47. Kh5 Rd8 48. Kh6 Kf8 49. g5 Kg8 50. Rc7 Rd6+ 51. g6 Kf8 52. Rc6
1-0

[Event "Bottom-Half Class U1900"]
[Site "Warren, MI"]
[Date "2003.06.21"]
[Round "2.4"]
[White "Jendras, Gerard"]
[Black "Ho, Randy"]
[Result "0-1"]
[WhiteElo "1890"]
[BlackElo "1892"]
[PlyCount "50"]
[EventDate "2003.06.21"]

1. e4 c5 2. Nf3 d6 3. d4 cxd4 4. Nxd4 Nf6 5. Nc3 Nc6 6. Be2 g6 7. O-O Bg7 8.
Be3 O-O 9. a4 Bd7 10. Kh1 Rc8 11. f4 Na5 12. f5 Rxc3 13. bxc3 Nxe4 14. fxg6
hxg6 15. Qe1 Qc8 16. Qh4 Nxc3 17. Ra3 Nxe2 18. Nxe2 Nc4 19. Rb3 Bxa4 20. Bd4
Bxb3 21. Bxg7 Kxg7 22. cxb3 Na5 23. Qxe7 Qe6 24. Qxe6 fxe6 25. Rxf8 Kxf8 0-1

[Event "Bottom-Half Class U1700"]
[Site "Warren, MI"]
[Date "2003.06.21"]
[Round "3.8"]
[White "Holden, Anthony"]
[Black "Haidukewych, Dan"]
[Result "1-0"]
[WhiteElo "1500"]
[BlackElo "1672"]
[PlyCount "106"]
[EventDate "2003.06.21"]

1. d4 Nf6 2. e3 d5 3. Bd3 e6 4. c3 c5 5. Qe2 Bd6 6. f4 Nc6 7. Nf3 Ne4 8. Nbd2
f5 9. h4 Ng3 10. Qd1 Nxh1 11. Nf1 h6 12. Qe2 Qf6 13. g3 cxd4 14. exd4 g5 15.
Ne5 g4 16. Qh2 Nxg3 17. Qxg3 Bxe5 18. fxe5 Qg6 19. b4 Bd7 20. a4 a6 21. b5 axb5
22. Bxb5 O-O 23. Ne3 h5 24. Ng2 Nxd4 25. Bxd7 Nc2+ 26. Kd1 Nxa1 27. Nf4 Qh7 28.
Bxe6+ Kh8 29. Bxd5 Rad8 30. c4 Nc2 31. Kxc2 Rxd5 32. cxd5 Rc8+ 33. Kb1 Qc7 34.
Qa3 Qc2+ 35. Ka1 Qxc1+ 36. Qxc1 Rxc1+ 37. Kb2 Rc5 38. e6 Kg7 39. d6 Kf6 40. Kb3
Rc6 41. d7 Rd6 42. Kc4 b6 43. a5 bxa5 44. Kc5 Rd1 45. Nd5+ Rxd5+ 46. Kxd5 Ke7
47. Kc6 g3 48. Kc7 f4 49. d8=Q+ Kxe6 50. Qg5 g2 51. Qxg2 Kf5 52. Qf3 a4 53.
Qxh5+ Ke4 1-0

[Event "Bottom-Half Class U1900"]
[Site "Warren, MI"]
[Date "2003.06.21"]
[Round "1.1"]
[White "Ho, Randy"]
[Black "Zubatch, Steve"]
[Result "1/2-1/2"]
[WhiteElo "1892"]
[BlackElo "1821"]
[PlyCount "92"]
[EventDate "2003.06.21"]

1. e4 g6 2. d4 Bg7 3. Nc3 d6 4. Nf3 Nf6 5. Be2 O-O 6. O-O e5 7. dxe5 dxe5 8.
Qxd8 Rxd8 9. Bg5 c6 10. Nxe5 Re8 11. f4 h6 12. Bh4 Nh7 13. Bd3 Bxe5 14. fxe5
Rxe5 15. Rae1 Re8 16. Bg3 Be6 17. e5 Nd7 18. Ne4 Re7 19. b3 Nb6 20. Bf2 Nd7 21.
Nd6 b6 22. Bd4 Rd8 23. c4 Nb8 24. h4 Na6 25. Be4 Rc7 26. Rd1 Rdd7 27. Be3 h5
28. Rd2 Re7 29. Bh6 Red7 30. Rfd1 Nc5 31. Bc2 Bg4 32. Rf1 Nb7 33. Bd1 Bxd1 34.
Rfxd1 Nxd6 35. exd6 Rc8 36. Rd3 c5 37. Bc1 Rcd8 38. Bb2 f6 39. Kf2 Kf7 40. Bc1
Nf8 41. Ke3 Ne6 42. Bb2 Ng7 43. Kf3 Nf5 44. Bc1 Nd4+ 45. Kf2 Rxd6 46. Bf4 R6d7
1/2-1/2